| 000 | 02594nam0a2200337 4500 | ||
|---|---|---|---|
| 001 | RU\NLR\BIBL_A\011203189 | ||
| 005 | 20250625215248.0 | ||
| 010 |
_a978-5-298-03106-6 _92000 |
||
| 021 |
_aRU _b2016-36742 _92361 |
||
| 035 | _a(NLR Aleph) 011203189 | ||
| 090 |
_a11934825 _c11934825 |
||
| 100 | _a20160901d2016 |||y0rusy50 ca | ||
| 101 | 0 | _atat | |
| 102 | _aRU | ||
| 105 | _ay z 000 y | ||
| 200 | 1 |
_aТатар теленнән тикшерү тестлары _dКонтрольные тесты по татарскому языку _e4 с-ф _eрус телендә гомуми белем бирү оешмалары өчен уку әсбабы _e(татар телен туган тел буларак өйрәнүче укучылар өчен) _fӘ. Ш. Юсупова, Г. Ә. Нәбиуллина, Г. Р. Мөгътәсимова, Г. Ә. Хәлиуллина |
|
| 210 |
_aКазан _cТатар. кит. нәшр. _d2016 |
||
| 215 |
_a66,[2] б. _d21 |
||
| 320 | _aБиблиогр.в конце кн. | ||
| 510 | 1 |
_aКонтрольные тесты по татарскому языку _e4 кл.: учеб. пособие для общеобразоват. орг. с обучением на рус. яз.: (для изучающих татар. яз. как родной). _zrus _aучеб. пособие для общеобразоват. орг. с обучением на рус. яз. _e(для изучающих татар. яз. как родной). |
|
| 541 | 1 |
_aКонтрольные тесты по татарскому языку _e4 кл.: учеб. пособие для общеобразоват. орг. с обучением на рус. яз.: (для изучающих татар. яз. как родной). _eучеб. пособие для общеобразоват. орг. с обучением на рус. яз. _e(для изучающих татар. яз. как родной). _zrus |
|
| 606 | 1 |
_aТатарский язык _jУчебные издания для начальной школы _91481084 _3RU\NLR\AUTH\66630778 |
|
| 686 | 1 | _aШ163.23-93рус21[4] | |
| 701 | 1 |
_aЮсупова _bӘ. Ш. кызы _gӘлфия Шәүкәт кызы _4070 |
|
| 701 | 1 |
_aНәбиуллина _bГ. Ә. кызы _gГүзәл Әмир кызы _4070 |
|
| 701 | 1 |
_aМөгътәсимова _bГ. Р. кызы _gГөлназ Ринат кызы _4070 |
|
| 701 | 1 |
_aХәлиуллина _bГ. Ә. кызы _gГөлсирин Әхмәт кызы _4070 |
|
| 852 |
_aNLR _bОНЛ _jТатар./3-14809 |
||
| 942 | _cBOOK | ||
| 980 | _aNB | ||